00928nam a2200229 a 4500003000200000005001700002008004100019050003100060100002000091245007000111260009200181300004000273504004300313650003400356650003100390650002400421650005100445650004000496942001400536999001700550952013100567020250329102410.0050810s19uu xx 00 eng d aPGS ML 3830.M87b.Z36 2005 aZara, Melvyn C. aThe effects of music on grade 7 students on motivation to study / aLas Piñas City, Philippines : bSouthville International School and Colleges,c2005. a23 pages :billustrations ;c28 cm. aIncludes bibliographical references.  aMusicvPsychological aspects. aMotivation in education.  aMusic in education. aAcademic achievementvPsychological aspects.  aStudy skillsvMotivational aspects. 2lcccPASS c97447d97447 00102lcc40aLUXbLUXcPASSd2005-08-10eDONATIONl0oPGS ML 3830.M87 .Z36 2005pP1485r2014-04-08 00:00:00w2014-04-08yPASS